2022-23 NFL Playoff Teams - Statistics

General Stats
  • This quiz has been taken 37 times
  • The average score is 13 of 14
Answer Stats
Con Answer % Correct
AFC 3 Cincinnati Bengals
100%
AFC 1 Kansas City Chiefs
100%
NFC 2 San Francisco 49ers
100%
NFC 5 Dallas Cowboys
97%
NFC 3 Minnesota Vikings
97%
AFC 2 Buffalo Bills
94%
NFC 1 Philadelphia Eagles
94%
NFC 7 Seattle Seahawks
94%
AFC 6 Baltimore Ravens
91%
AFC 4 Jacksonville Jaguars
91%
AFC 5 Los Angeles Chargers
91%
AFC 7 Miami Dolphins
91%
NFC 6 New York Giants
91%
NFC 4 Tampa Bay Buccaneers
91%
No matching quizzes found
Score Distribution
Percent of People with Each Score
Percentile by Number Answered
Your Score History
You have not taken this quiz